Vista normal Vista MARC

Entrada Término cronológico

Número de registros utilizados en: 1

001 - NÚMERO DE CONTROL

  • campo de control: 3064

003 - IDENTIFICADOR DE NÚMERO DE CONTROL

  • campo de control: Biblioxarxa

005 - FECHA Y HORA DE LA ÚLTIMA TRANSACCIÓN

  • campo de control: 20251028095212.0

008 - ELEMENTOS DE DATO DE LONGITUD-FIJA

  • campo de control de longitud fija: 251028|| aca||aabn | a|a d

040 ## - FUENTE DE CATALOGACIÓN

  • Centro catalogador/agencia de origen: Biblioxarxa
  • Centro/agencia transcriptor: Biblioxarxa

148 ## - ENCABEZAMIENTO--TÉRMINO CRONOLÓGICO

  • Término cronológico: S. I a.c

670 ## - FUENTE DE DATOS ENCONTRADOS

  • Cita de la fuente: Work cat.: (Biblioxarxa): Posteguillo, Santiago 1967- autor aut 240, Los tres mundos :